000 01040nam0a22003011 4500
001 v19\rc\1971868
005 20251118181119.9
035 _a(NLR Aleph) 005056310
090 _a6948406
_c6948406
100 _a20080623d1914 u y0rusy50 ca
101 0 _arus
102 _aRU
105 _aab z |||||
200 1 _aПолное солнечное затмение 8-го августа (ст. ст.) 1914 года
_fВен. Жеховский
210 _aСанкт-Петербург
_cтип. Ш.Б. Зархи и сын
_d1914
215 _a12 с., 3 л. ил., карт.
_cил.
_d25
309 _aБез тит. л.
532 1 1 _aПолное солнечное затмение восьмого августа (ст. ст.) 1914 года
700 1 _aЖеховский
_bВен.
801 0 _aRU
_bNLR
_gpsbo
801 0 _aRU
_bRuMoRGB
_2psbo
801 1 _aRU
_bProSoft-M
_2rusmarc
852 _aNLR
_j37.54.6.256
899 _aRuMoRGB
_jV 35/348
899 _aRuMoRGB
_jU 402/652
899 _aБАН
942 _cBOOK
980 _aNB